| 000 | 00734nam a2200253Ia 4500 | ||
|---|---|---|---|
| 003 | OSt | ||
| 005 | 20220924122006.0 | ||
| 006 | a|||||r|||| 00| 0 | ||
| 007 | ta | ||
| 008 | 220923b |||||||| |||| 00| 0 ben d | ||
| 020 | _c250 | ||
| 024 | _a301397 | ||
| 037 |
_bM/2008/34, 01/09/2008, Mukta Dhara _cTextual |
||
| 040 |
_aARTS _cARTS _bben |
||
| 041 |
_2ben _aben |
||
| 082 | _aV275.N, 157P1 | ||
| 100 |
_aGupta Ranjan _9119532 |
||
| 245 | 0 | _aRasher samaj arthariti - o - gamabindroh | |
| 260 |
_aKolkata _bSubarnarekha India _c2001 |
||
| 300 |
_a504p. _ccm. |
||
| 650 | _aHISTORY | ||
| 942 |
_hV275.N, 157P1 _cTEXL _2CC |
||
| 999 |
_c409756 _d409756 |
||